Transnational corporations' expanding role in global economy described in UN report.

Tézy správy OSN o svetových investíciách z r. 1992 o nebývalom raste priamych zahraničných investícií. Hlavné prúdy a trendy investičnej činnosti v jednotlivých regiónoch sveta. Väzby na bilaterálne a multilaterálne dohody štátov v rámci GATT a OECD. Zmeny v roli multinacionálnych spoločností v prie...

Description complète

Enregistré dans:
Détails bibliographiques
Auteur principal: Gleason, P.
Format: Chapitre de livre
Langue:anglais
Sujets:
Tags: Ajouter un tag
Pas de tags, Soyez le premier à ajouter un tag!

MARC

LEADER 00000naa a2200000 4500
001 r008932
005 20220913122424.3
041 0 |a eng 
044 |a US 
245 1 0 |a Transnational corporations' expanding role in global economy described in UN report.  |c P. Gleason 
520 |a Tézy správy OSN o svetových investíciách z r. 1992 o nebývalom raste priamych zahraničných investícií. Hlavné prúdy a trendy investičnej činnosti v jednotlivých regiónoch sveta. Väzby na bilaterálne a multilaterálne dohody štátov v rámci GATT a OECD. Zmeny v roli multinacionálnych spoločností v priemyselných a rozvojových krajinách. Paralely s oficiálnou podporou rozvoja hosťovských krajín. 
610 2 0 |a spoločnosti nadnárodné 
610 2 0 |a hospodárstvo svetové 
610 2 0 |a OSN 
610 2 0 |a investície zahraničné 
610 2 0 |a 1992 
610 2 0 |a GATT 
610 2 0 |a OECD 
610 2 0 |a rozvoj hospodársky 
100 1 |a Gleason, P.